<?xml version="1.0" encoding="UTF-8"?>
<record
    xmlns:xsi="http://www.w3.org/2001/XMLSchema-instance"
    xsi:schemaLocation="http://www.loc.gov/MARC21/slim http://www.loc.gov/standards/marcxml/schema/MARC21slim.xsd"
    xmlns="http://www.loc.gov/MARC21/slim">

  <leader>00827nam a22002537a 4500</leader>
  <controlfield tag="005">20240402175419.0</controlfield>
  <controlfield tag="008">240212b        |||||||| |||| 00| 0 eng d</controlfield>
  <datafield tag="020" ind1=" " ind2=" ">
    <subfield code="a">9788440203526</subfield>
  </datafield>
  <datafield tag="037" ind1=" " ind2=" ">
    <subfield code="3">Donaci&#xF3;n</subfield>
  </datafield>
  <datafield tag="040" ind1=" " ind2=" ">
    <subfield code="a">CO-JMCR</subfield>
    <subfield code="c">CO-JMCR</subfield>
    <subfield code="d">CO-JMCR</subfield>
    <subfield code="e">rda</subfield>
  </datafield>
  <datafield tag="041" ind1=" " ind2=" ">
    <subfield code="a">spa</subfield>
  </datafield>
  <datafield tag="082" ind1=" " ind2=" ">
    <subfield code="a">A-N</subfield>
    <subfield code="b">HIGg EJ.1</subfield>
  </datafield>
  <datafield tag="100" ind1=" " ind2=" ">
    <subfield code="e">autor</subfield>
    <subfield code="a">Highsmith, Patricia</subfield>
    <subfield code="9">43369</subfield>
  </datafield>
  <datafield tag="245" ind1=" " ind2=" ">
    <subfield code="a">El grito de la lechuza / </subfield>
    <subfield code="c">Patricia Highsmith</subfield>
  </datafield>
  <datafield tag="246" ind1=" " ind2=" ">
    <subfield code="a">The cry of the owl</subfield>
  </datafield>
  <datafield tag="260" ind1=" " ind2=" ">
    <subfield code="a">Barcelona: </subfield>
    <subfield code="b">Editorial Noguer S.A, </subfield>
    <subfield code="c">1962</subfield>
  </datafield>
  <datafield tag="300" ind1=" " ind2=" ">
    <subfield code="a">317 p&#xE1;ginas; </subfield>
    <subfield code="c">20 cm</subfield>
  </datafield>
  <datafield tag="521" ind1=" " ind2=" ">
    <subfield code="a">Recomendad para mayores de 18 a&#xF1;os</subfield>
  </datafield>
  <datafield tag="650" ind1=" " ind2=" ">
    <subfield code="2">JMCR</subfield>
    <subfield code="a">Novela estadounidense</subfield>
    <subfield code="y">SIglo XX</subfield>
    <subfield code="9">6991</subfield>
  </datafield>
  <datafield tag="650" ind1=" " ind2=" ">
    <subfield code="a">Literatura estadounidense</subfield>
    <subfield code="y">Siglo XX</subfield>
    <subfield code="9">13472</subfield>
  </datafield>
  <datafield tag="650" ind1=" " ind2=" ">
    <subfield code="a">Crimen en la literatura</subfield>
    <subfield code="9">43370</subfield>
  </datafield>
  <datafield tag="700" ind1=" " ind2=" ">
    <subfield code="a">Llinas, Joaqu&#xED;n</subfield>
    <subfield code="e">Traductor</subfield>
    <subfield code="9">43371</subfield>
  </datafield>
  <datafield tag="942" ind1=" " ind2=" ">
    <subfield code="2">ddc</subfield>
    <subfield code="c">BK</subfield>
  </datafield>
  <datafield tag="999" ind1=" " ind2=" ">
    <subfield code="c">30561</subfield>
    <subfield code="d">16945</subfield>
  </datafield>
  <datafield tag="952" ind1=" " ind2=" ">
    <subfield code="0">0</subfield>
  </datafield>
</record>
